000 00713nam a22002417a 4500
999 _c18909
_d18909
005 20180212151429.0
008 160726b xxu||||| |||| 00| 0 spa d
040 _aCO-BoIAVH
_cCO-BoIAVH
041 _aspa
044 _ack
082 _a591.788
_bB71e
100 1 _aBonilla, María Argenis
245 1 0 _aEcología de Poblaciones
260 _aBogotá:
_bUniversidad Nacional de Colombia,
_c2004.
300 _a127 Paginas
_c23 x 16 cm
490 _aNotas de Clase
650 1 4 _aMetapoblaciones
650 1 4 _aDepredación
650 1 4 _aBiogeografía de Islas
650 1 4 _aExtinción Viabilidad Poblacional
650 1 4 _aCiclos de Vida
942 _2ddc
_cLIBRO